000
00300nam a22001217a 4500
008
230703b xxu||||| |||| 00| 0 eng d
082
_a
351
_b
WRA
100
_c
Ronald E. Wraith
245
_a
East African Citizen
260
_a
London
_b
Oxford University Press
_c
1959
300
_a
238p
942
_2
ddc
_c
BK
999
_c
3173
_d
3173